000 01206nam a2200313 i 4500
003 EG-GICUC
005 20260121101715.0
008 260111s1982 su ||||fr|||| 00| 0 ara d
040 _a EG-GICUC
_bara
_c EG-GICUC
_d EG-GICUC
_erda
041 0 _aara
082 0 4 _221
_a345.4
_bب ك . خ
092 0 4 _221
099 _aLaw1 07 345.4 ب ك . خ 1982
100 0 _aبكر القباني
_eمؤلف.
245 1 2 _aالخدمة المدنية في المملكة العربية السعودية :
_bدراسة نظرية تطبيقية مقارنة /
_cالدكتور بكر القباني.
264 1 _aالرياض :
_bمعهد الإدارة العامة،
_c1982.
300 _a441 صفحة؛
_c24 سم.
336 _2rda content
_atext
337 _2rda media
_aComputer
338 _2rda carrier
_aOnline Resource
504 _a421-408ببليوجرافيا: صفحات.
504 _aيشتمل على إرجاعات ببليوجرافية.
546 _aالنص باللغة العربية
650 1 4 _aالوظائف العامة
650 1 4 _aالقانون الإداري
856 4 0 _uhttps://fll.law.cu.edu.eg/fulltext/bks/B07-01436.pdf
905 _a32
942 _2ddc
_cBK
_e21
_n0
999 _c56205
_d56205